| 000 | 00901cam a22002654a 4500 | ||
|---|---|---|---|
| 001 | 12181667 | ||
| 005 | 20180308081210.0 | ||
| 008 | 000922s2001 paua bfe 001 0 eng c | ||
| 010 | _a 00049228 | ||
| 020 | _a0721686095 (pbk. : alk. paper) | ||
| 035 | _a(DNLM)100965558 | ||
| 040 |
_aDNLM/DLC _cDLC _dDLC |
||
| 041 | _aeng | ||
| 042 | _apcc | ||
| 060 | 1 | 0 |
_aQY 39 _bL1229 2001 |
| 080 | _a616.0756 CHER | ||
| 082 | 0 | 0 |
_a616.0756 CHER _221 |
| 100 | _a4 | ||
| 101 | _aSHM | ||
| 245 | 0 | 0 |
_aLaboratory tests and diagnostic procedures / _cedited by Cynthia C. Chernecky, Barbara J. Berger. |
| 504 | _aIncludes bibliographical references and index. | ||
| 906 |
_a7 _bcbc _corignew _d1 _eocip _f20 _gy-gencatlg |
||
| 942 |
_2ddc _cBK |
||
| 999 |
_c44490 _d44490 |
||